| 000 | 00973nam a2200301 a 4500 | ||
|---|---|---|---|
| 001 | 000039724 | ||
| 003 | DO-SdBNP | ||
| 005 | 20211008131114.0 | ||
| 007 | 000039724 | ||
| 008 | 130718s2012 dr 000 0 spa d | ||
| 020 | _a9789945005318 | ||
| 040 |
_aBPMSU _bspa _cBPMSU |
||
| 092 |
_aRD860.5 _bM351a 2012 _222 |
||
| 100 | 1 |
_aMármol, José, _d1960- |
|
| 245 | 1 | 0 |
_aEstación de perplejos : _baforismos, sentencias y fragmentos / _cJosé Mármol. |
| 260 |
_aSanto Domingo : _bBúho, _c2012. |
||
| 300 |
_a125 p. ; _c24 cm. |
||
| 490 | 0 | _aEgro de Literatura Dominicana Contemporánea | |
| 500 | _aIncluye datos biográficos del autor en la solapa de la cubierta. | ||
| 590 | _6Inventariado, 2021/VM | ||
| 650 | 4 | _aProsa dominicana | |
| 650 | 4 | _aRealismo en la literatura. | |
| 650 | 4 | _aLiteratura dominicana | |
| 910 | _aVMateo V. | ||
| 942 |
_2ddc _cBK |
||
| 945 | _aTítulo remanejado para BNPHU / 2017 VM | ||
| 956 |
_aVMATEO _b10 _c20150624 _lBPMSU _h00151 |
||
| 999 |
_c7935 _d7935 |
||